000 00538nam a2200193Ia 4500
005 20250508152814.0
008 008 250505s9999 xx 000 0 eng d
037 _aTextual
040 _aFEDL
_beng
_cFEDL
041 _aeng
_2eng
084 _a155.4, LED
_qFEDL
100 _aLedwith Nettie H.
245 0 _aRorschach study of child development
260 _aUSA
_bUniversity of Pittsburgh Press
_c1960
300 _aix,336p.
650 _aChild Psychology
942 _cTEXL
_h155.4, LED
999 _c1338864
_d1338864